Quick Pick: 30,000 NBA Points Quiz Stats

 Plays Quiz Updated Nov 7, 2019

Score 0/7 Timer 01:00
53 Plays Today
% Correct
Michael Jordan
90.1%
Kareem Abdul-Jabbar
89.5%
Kobe Bryant
86.5%
Lebron James
81.7%
Wilt Chamberlain
80.1%
Karl Malone
69.7%
Dirk Nowitzki
64.9%

Today's Daily Dose

Missing Word
Sherlocks

Word Ladder
King of the Hill

Quick Pick
Songs in Pink

Get the Picture
NBA Teammates

You're not logged in!

Compare scores with friends on all Sporcle quizzes.
OR
Log In

Sporcle TV

Today on Sporcle TV


Watch our educational content, quiz creation guides, and fun videos on Sporcle TV.

Show Comments

Extras

Top Quizzes Today


Score Distribution

Your Account Isn't Verified!

In order to create a playlist on Sporcle, you need to verify the email address you used during registration. Go to your Sporcle Settings to finish the process.

Report this User

Report this user for behavior that violates our Community Guidelines.

Details: